Protein chromatography (Record no. 1208469)

MARC details
000 -LEADER
fixed length control field 01064nam a2200313Ia 4500
003 - CONTROL NUMBER IDENTIFIER
control field OSt
005 - DATE AND TIME OF LATEST TRANSACTION
control field 20221007121127.0
008 - FIXED-LENGTH DATA ELEMENTS--GENERAL INFORMATION
fixed length control field 221006b |||||||| |||| 00| 0 eng d
020 ## - INTERNATIONAL STANDARD BOOK NUMBER
International Standard Book Number 9783527318193 (Hb)
037 ## - SOURCE OF ACQUISITION
Terms of availability Textual
040 ## - CATALOGING SOURCE
Original cataloging agency BDL
Transcribing agency BDL
Language of cataloging eng
041 ## - LANGUAGE CODE
Source of code eng
Language code of text/sound track or separate title eng
100 ## - MAIN ENTRY--PERSONAL NAME
Personal name Carta Giorgio
9 (RLIN) 710721
245 #0 - TITLE STATEMENT
Title Protein chromatography
Remainder of title Jungbauer Aiois
260 ## - PUBLICATION, DISTRIBUTION, ETC.
Place of publication, distribution, etc. USA
Name of publisher, distributor, etc. Wiley-VCH
Date of publication, distribution, etc. 2010
300 ## - PHYSICAL DESCRIPTION
Extent xviii; 346p.
Dimensions cm.
500 ## - GENERAL NOTE
General note Include bibliographical references; Index 341-346p.
650 ## - SUBJECT ADDED ENTRY--TOPICAL TERM
Topical term or geographic name entry element Biotechnology products
9 (RLIN) 710722
650 ## - SUBJECT ADDED ENTRY--TOPICAL TERM
Topical term or geographic name entry element Chomatography process
9 (RLIN) 710723
650 ## - SUBJECT ADDED ENTRY--TOPICAL TERM
Topical term or geographic name entry element Chromatography media
9 (RLIN) 710724
650 ## - SUBJECT ADDED ENTRY--TOPICAL TERM
Topical term or geographic name entry element Protein chromatography
9 (RLIN) 710725
700 ## - ADDED ENTRY--PERSONAL NAME
Personal name Jungbauer Aiois
9 (RLIN) 710726
942 ## - ADDED ENTRY ELEMENTS (KOHA)
Classification part E92Z2:3,E1, Q0 CARB
Koha item type Textual
Source of classification or shelving scheme Colon Classification (CC)
Holdings
Withdrawn status Lost status Source of classification or shelving scheme Damaged status Not for loan Home library Current library Date acquired Source of acquisition Total Checkouts Full call number Barcode Date last seen Price effective from Koha item type
    Colon Classification (CC)     Department of Botany Library Department of Botany Library 2022-10-07 077, 29/09/2011, N R Book Distributors   E92Z2:3,E1 Q0 CARB BD0005530 2022-10-07 2022-10-07 Textual
Copyright @ Delhi University Library System